000 00571nam a22001817a 4500
005 20251108171737.0
008 250721s1983 xx 000 0 ara d
082 1 4 _a001.43/عبد
100 1 _aأبو سليمان، عبد الوهاب إبراهيم
245 1 0 _aكتابة البحث العلمي و مصادر الدراسات الإسلامية /
250 _aط2 . ، منقحة
264 1 _aجده :
_bدار الشروق،
_c1983.
300 _a679ص
650 1 7 _aالبحث
650 1 7 _aالبحث العلمي
942 _2ddc
_cBK
999 _c61414
_d61414